[Event "Wch Candidates final"]
[Site "Elista"]
[Date "2007.06.13"]
[Round "2.8"]
[White "Grischuk, Alexander"]
[Black "Rublevsky, Sergei"]
[Result "1/2-1/2"]
[WhiteElo "2717"]
[BlackElo "2680"]
[Annotator "Marin,M"]
[PlyCount "112"]
[EventDate "2007.06.06"]
[EventType "k.o."]
[EventRounds "6"]
[EventCountry "RUS"]
[SourceTitle "CBM 119"]
[Source "ChessBase"]
[SourceDate "2007.08.01"]
[SourceVersion "1"]
[SourceVersionDate "2007.08.01"]
[SourceQuality "1"]

1. e4 c5 2. Nf3 e6 3. d4 cxd4 4. Nxd4 Nc6 5. Nc3 a6 6. Be2 Qc7 7. O-O Nf6 8.
Be3 Be7 9. f4 d6 10. a4 O-O 11. Kh1 Re8 12. Bf3 Bf8 13. Qd2 Rb8 14. Rad1 ({
For the decisive game, Grischuk switches to the main continuation. Two days
earlier he had played} 14. Qf2) 14... e5 $5 ({Rublevsky plays in the same way
as in the previous Sicilian game, but here the move is "almost" a novelty.} 
14... Nd7 {is the usual continuation.} 15. Qf2 Nxd4 16. Bxd4 b5 17. axb5 axb5
18. e5 $5 {This move is intended to clear the path to the kingside for the
c3-knight.} (18. b4 {is less dangerous.} Bb7 19. Nxb5 Qc4 20. Be2 Qxb4 21. Nc7
{1/2-1/2 Asrian,K (2634)-Van Wely,L (2676)/Fuegen 2006/CBM 115}) 18... b4 (
18... d5 {prevents the knight's transfer but leaves Black in a strategically
unfavourable position.}) (18... dxe5 $6 19. fxe5 Nxe5 $2 {loses to} 20. Bh5 $1
{when Black's lack of development is obvious.} Ng6 21. Bxg6 hxg6 22. Be5 $1
Qxe5 23. Qxf7+ Kh7 24. Rd3 $18) 19. Ne4 d5 20. Ng5 Nc5 (20... Ba6 21. Bh5 g6
22. f5 $5 exf5 23. Qh4 Nxe5 24. Rxf5 $40 {led to an alarming concentration of
White's forces on the kingside, although Black's position might be defensible,
in Zontakh,A (2545)-Savanovic,A (2435)/Vrnjacka Banja 1998/EXT 2002 (1-0, 34)})
21. f5 h6 (21... exf5 22. Bxd5 Be6 23. Nxe6 fxe6 24. Bc4 Kh8 $13 {Vera,R}) 22.
Nxf7 $1 Qxf7 (22... Kxf7 23. Bh5+ $1 $18) 23. Bxc5 $14 {Hernandez,G (2495)
-Vera,R (2495)/Matanzas 1992/CBM 029 ext (1-0, 35)}) 15. Nde2 $146 (15. Nxc6
bxc6 16. fxe5 dxe5 17. b3 Be6 18. Qe2 a5 $11 {Yang Xian (2305)-Liang Jinrong 
(2405)/China 1987/EXT 97 (1/2-1/2, 31)}) 15... b5 16. axb5 axb5 17. f5 b4 18.
Nd5 Nxd5 19. Qxd5 {It might seem that the opening has ended very successfully
for White. He has maintained the control of the d5-square and the c6-knight
does not seem to have any good squares at its disposal. However, Rublevsky has
"seen" a bit further.} Ba6 20. Qd2 ({Grischuk retreats with his queen from
what started becoming an exposed position and enables such threats as f6
followed by Bh6. In case of} 20. Rfe1 b3 $1 ({But not} 20... Nd4 $2 21. Nxd4
Bc4 $2 {because of} 22. Qc6 $1 {, retaining the material advantage.}) 21. c3
Na5 $132) 20... Nd4 $1 21. Bxd4 exd4 22. Rfe1 Bxe2 23. Qxe2 Be7 24. Rxd4 Bf6 {
As a result of the pawn sacrifice, the position has changed abruptly. Two of
Black's pieces have been activated in radical way (the bishop and the e8-rook).
Ironically, the earlier advance of the f-pawn, which allowed White win space
on the kingside and weaken the d5-square has only resulted in chronic
weaknesses on dark squares. Black has excellent compensation for the pawn.} 25.
Rc4 Qa5 26. c3 ({A wise decision. White needs the enemy bishop to be
vulnerable on c3. After} 26. b3 d5 27. Rc6 Bc3 {the position would be very
much to Black's favour compared to the game continuation.}) 26... bxc3 27. bxc3
d5 28. Rc6 Bxc3 29. Rd1 {White does not threaten anything yet (Rxd5? Qxd5),
meaning that Black is not forced to make up his mind about the tension in the
centre yet.} Bf6 $1 {By placing the bishop on the most stable square from the
whole board, Black increases the force of both his basic threats. In case of a
further ...d4, the bishop would control the crucial e5-square while after ...
dxe4, Bxe4, the moves ...Qxf5 or ...Qe5 become possible as the bishop is not
hanging any more.} 30. Qc2 {Still no threat (dxe5? Q or Re1+)} Qb4 $6 ({
It is hard to say whether Rublevsky missed his opponents defensive resources 
(Bxf7+!) or overestimated his chances in the ensuing endgame with 6 major
pieces. From practical point of view,} 30... dxe4 31. Bxe4 Qe5 32. Bd3 Rbd8 {
would have been more unpleasant for White, who cannot exchange pieces easily
and has to endure long term pressure. Black's main trumps would be the safer
position of his king and the more active bishop.}) ({Maybe the most promissing
continuation would have been} 30... d4 {, with the ea of installing a rook on
c3 and create threats along the e5-h2 diagonal.}) 31. e5 $1 Bxe5 32. Bxd5 Qh4
33. g3 Bxg3 $6 {He could still have stopped here, but with a bishop on d5
White would have had less worries than in the line from the previous comment.}
34. Bxf7+ $1 Kxf7 35. Qa2+ Kf8 36. Qa3+ Re7 37. Qxg3 Qe4+ 38. Qg2 Rb1 39. Rcc1
Qe1+ 40. Qg1 {A remarkable position. However, Black cannot hope for a real
advantage because his own king is also exposed.} Qe4+ 41. Qg2 Qxg2+ 42. Kxg2
Rb2+ 43. Kg3 Rb3+ 44. Kf4 Rb4+ 45. Kg3 Re3+ 46. Kf2 Re5 47. Rc8+ Kf7 48. Rc7+
Kf6 49. Rd6+ Kxf5 50. Rf7+ Ke4 51. Rxg7 Rf5+ 52. Ke2 Rb2+ 53. Rd2 Rxd2+ 54.
Kxd2 Rf2+ 55. Ke1 Rxh2 56. Kf1 {"Even I could hold this!"} Ke5 1/2-1/2

[Event "Jermuk FIDE GP"]
[Site "Jermuk"]
[Date "2009.08.18"]
[Round "9"]
[White "Kamsky, Gata"]
[Black "Leko, Peter"]
[Result "1/2-1/2"]
[WhiteElo "2717"]
[BlackElo "2756"]
[Annotator "Marin,M"]
[PlyCount "56"]
[EventDate "2009.08.09"]
[EventType "tourn"]
[EventRounds "13"]
[EventCountry "ARM"]
[EventCategory "19"]
[SourceTitle "CBM 132"]
[Source "ChessBase"]
[SourceDate "2009.09.16"]
[SourceVersion "1"]
[SourceVersionDate "2009.09.16"]
[SourceQuality "1"]

1. e4 e5 2. Nf3 Nc6 3. Bb5 a6 4. Ba4 Nf6 5. O-O Be7 6. Re1 b5 7. Bb3 O-O 8. d4
Nxd4 9. Bxf7+ $5 ({This leads to somewhat more irrational play than} 9. Nxd4 {
Leko,P (2756)-Aronian,L (2768)/Jermuk 2009/CBM 132/[Marin] (1/2, 45)}) 9...
Rxf7 10. Nxe5 Rf8 (10... Nc6 $2 11. Nxf7 Kxf7 12. e5 Ng8 13. Qh5+ Kf8 14. Qf5+
Ke8 15. Qxh7 $18 {1-0 Palkovi,J (2410)-Lochte,T (2230)/Budapest 1994/EXT 97 
(21)}) (10... Ne6 $5 {makes more sense.} 11. Nxf7 Kxf7 12. e5 Bb7 13. exf6 Bxf6
14. Nc3 Kg8 15. Nd5 Bd4 {Davies,A (2187)-Atalik,E (2400)/Ottawa 2007/CBM 119
ext (1/2-1/2, 37)} 16. Be3 $5 Bxb2 17. Rb1 Be5 18. c4 $14 {White has completed
his development and retains a small material advantage, with acceptable
stability in the centre.}) 11. Qxd4 {White has managed to win a pawn, but two
of his developed pieces are quite unstable. Besides, the queenside is
completely undeveloped. If we add that Black has the pair of bishops and his
c- and d-pawns are ready to advance, it becomes clear that it is hard to claim
an advantage with White.} Bb7 {Leko wisely deviates from his previous 
(unsuccessful) experience with this line.} (11... c5 {Ivanchuk,V (2751)-Leko,P
(2753)/Morelia/Linares 2008/CBM 123/[Marin] (1-0, 43)}) 12. c4 $5 {This is a
rare move. White intends to hold his own in the centre, but neglects his
development.} ({The developing} 12. Nc3 {, which has been played numerous
times, is not without drawbacks either. Here is what seems to be Black's most
clear-cut way to equality:} c5 13. Qd1 b4 14. Nd5 Nxd5 15. exd5 Bd6 {The
weakness of the d5-pawn and the probability of reaching an opposite coloured
ending make a draw quite probable.} 16. f4 (16. Nc4 $2 Bxh2+ 17. Kxh2 Qh4+ 18.
Kg1 Qxf2+ 19. Kh2 Qh4+ 20. Kg1 Qxc4 $19) (16. Qd3 Qf6 17. f4 Rae8 $132) 16...
Qc7 17. c4 (17. Qd3 Rae8 18. Re4 {is more tricky, but also insufficient for an
advantage.} Bxe5 19. fxe5 c4 {The e5-pawn is taboo because of Bf4.} 20. Qd4 Qa5
21. Bd2 Qxd5 22. Qxc4 a5 {Black has the initiative and the e5- and c2-pawns
are vulnerable.} 23. Qxd5+ (23. Rae1 Rxe5 $1) 23... Bxd5 24. Re2 Rf5 25. Rae1
Bc4 $11 26. Re3 $6 Ref8 $36) 17... bxc3 18. bxc3 Rae8 19. c4 (19. Rb1 c4) 19...
Bxe5 20. fxe5 Rxe5 21. Bb2 Rxe1+ 22. Qxe1 Qf4 23. Qe2 {Blatny,F-Weiner,M/
Prague 1954/MCD (1-0, 64). The simplest way to equality is} d6 $5 $11) 12... c5
$146 {It is reported that Leko played this move quickly, which make us think
that he had not been surprized by Kamsky's rare move at all.} (12... Bd6 $6 {
Kristiansen,E (2257)-Ljubarskij,J (2329)/Saint Vincent 2002/CBM 090 ext (0-1,
17)} 13. Nd3 $1 $14) 13. Qd3 Qc7 {White loses stability in the centre.} 14. Nf3
bxc4 15. Qxc4+ d5 {After the opening of the long diagonal, the white king
comes under strong attack.} 16. exd5 Bxd5 17. Qe2 Bd6 18. Nc3 {In critical
positions, development should come before anything! Sadly, White has no time
to defend his h2-pawn.} (18. h3 Rae8 19. Be3 Bxf3 20. Qxf3 Bh2+ 21. Kh1 Ne4 22.
Qd1 Rxf2 $40) 18... Bxf3 19. Qxf3 Bxh2+ 20. Kf1 (20. Kh1 {would have made the
threat of g3 more dangerous, practically forcing} Be5 {, but Kamsky may have
feared that his king (as well as the f2-pawn) would be more vulnerable than in
the game.} 21. Nd5 Qd6 22. Nxf6+ Qxf6 23. Qd5+ Kh8 24. Qxe5 Rae8 $1 25. Qxe8
Qh4+ $11) 20... Rad8 {Black is also concerned about development. As we will
see, there is no need to retreat with the bishop. After the previous exchanges,
Black has some small structural defects, but White's chances to take advantage
of them are illusory because of his lack of development and the vulnerability
of the king.} (20... Be5 21. Nd5 Qd6 22. Nxf6+ Qxf6 23. Qxf6 Bxf6 $11) 21. g3 {
White hardly has anything better than this.} ({The developing} 21. Be3 $6 {
, which takes the d4-square under control, may be answered with} Rde8 $5 {
Once the e-file has been obstructed by the bishop, Black can afford such
apparent losses of time, since he is fully developed already.} 22. Qh3 (22. Nd5
Qd6) (22. Rad1 Ne4 $40) 22... Be5 $15) (21. Bg5 h6 22. Bxf6 Rxf6 23. Qe3 Rd4
$132) 21... Nh5 $1 $11 {This leads to a forced draw by perpetual.} 22. Qxh5
Rxf2+ 23. Kxf2 Qxg3+ 24. Ke2 Qg2+ 25. Ke3 Qg3+ 26. Ke2 Qg2+ 27. Ke3 Qg3+ 28.
Ke2 Qg2+ 1/2-1/2

[Event "Jermuk FIDE GP"]
[Site "Jermuk"]
[Date "2009.08.18"]
[Round "9"]
[White "Karjakin, Sergey"]
[Black "Inarkiev, Ernesto"]
[Result "1/2-1/2"]
[WhiteElo "2717"]
[BlackElo "2675"]
[PlyCount "147"]
[EventDate "2009.08.09"]
[EventType "tourn"]
[EventRounds "13"]
[EventCountry "ARM"]
[EventCategory "19"]
[SourceTitle "CBM 132"]
[Source "ChessBase"]
[SourceDate "2009.09.16"]
[SourceVersion "1"]
[SourceVersionDate "2009.09.16"]
[SourceQuality "1"]

1. e4 e5 2. Nf3 Nc6 3. Bb5 a6 4. Ba4 Nf6 5. O-O b5 6. Bb3 Bc5 7. c3 d6 8. a4
Bb7 9. d3 O-O 10. Bg5 h6 11. Bh4 g5 12. Bg3 Ne7 13. Na3 b4 14. Nc4 bxc3 15.
bxc3 Rb8 16. Bc2 Ng6 17. d4 exd4 18. cxd4 Ba7 19. e5 Nh5 20. exd6 Nxg3 21. fxg3
Bxf3 22. Rxf3 Rb4 23. Bxg6 Rxc4 24. Kh1 Rxd4 25. Qb3 Qxd6 26. Bxf7+ Kh8 27.
Raf1 Rb4 28. Bc4 Rxf3 29. Qxf3 Rb8 30. Qf7 Bc5 31. Qh5 Rf8 32. Rd1 Qf6 33. a5
Bb4 34. Qe2 Bxa5 35. Bxa6 Bc3 36. Bd3 Qe5 37. Qh5 Qf6 38. Qg4 Be5 39. Re1 Qg7
40. Qe4 Bd6 41. Bc2 Be5 42. Qd3 Bd6 43. Re6 Be7 44. g4 Rf6 45. Re1 Rf8 46. g3
Rf6 47. Kg2 Rf8 48. Re6 Rf6 49. Re1 Rf8 50. Kh3 Rf6 51. Re5 Qf7 52. Qe4 Bf8 53.
Re8 Qg7 54. Rd8 Rf7 55. Rc8 Rf2 56. Rd8 h5 57. Bd3 c5 58. Bc2 hxg4+ 59. Kxg4 c4
60. Qxc4 Qf6 61. Qe4 Rxh2 62. Rc8 Qd6 63. Bb3 Rd2 64. Be6 Kg7 65. Qb7+ Kh6 66.
Rc6 Qd4+ 67. Kh3 Bd6 68. Qf7 Qe5 69. Rxd6 Rxd6 70. Qf8+ Kg6 71. Qf7+ Kh6 72.
Qf8+ Kg6 73. Qf7+ Kh6 74. Qf8+ 1/2-1/2

[Event "CHN-chT"]
[Site "China"]
[Date "2014.09.12"]
[Round "14.2"]
[White "Wang, Yue"]
[Black "Zhou, Jianchao"]
[Result "1/2-1/2"]
[WhiteElo "2717"]
[BlackElo "2574"]
[PlyCount "63"]
[EventDate "2014.04.12"]
[EventType "team-tourn"]
[EventRounds "22"]
[EventCountry "CHN"]
[SourceTitle "EXT 2015"]
[Source "ChessBase"]
[SourceDate "2014.11.20"]
[SourceVersion "1"]
[SourceVersionDate "2014.11.20"]
[SourceQuality "1"]
[WhiteTeam "Tianjing"]
[BlackTeam "Shanghai"]
[WhiteTeamCountry "CHN"]
[BlackTeamCountry "CHN"]

1. d4 Nf6 2. c4 g6 3. Nc3 d5 4. Bg5 Bg7 5. Nf3 dxc4 6. e4 c5 7. dxc5 Qa5 8. Nd2
Be6 9. Nxc4 Bxc4 10. Bxc4 Nxe4 11. Bxf7+ Kxf7 12. Qd5+ Ke8 13. Qxe4 Bxc3+ 14.
bxc3 Qxc3+ 15. Ke2 Qb2+ 16. Bd2 Qb5+ 17. Qd3 Qxd3+ 18. Kxd3 Nd7 19. Be3 Rc8 20.
Rhb1 Nxc5+ 21. Bxc5 Rxc5 22. Rxb7 Kf7 23. Rd7 Rhc8 24. Re1 Rc3+ 25. Ke2 R8c7
26. Rxc7 Rxc7 27. Kd3 Rd7+ 28. Kc3 Rc7+ 29. Kb3 Rb7+ 30. Kc3 Rc7+ 31. Kb3 Rb7+
32. Kc3 1/2-1/2

[Event "Pardubice Synthesia rap op 20th"]
[Site "Pardubice"]
[Date "2009.07.23"]
[Round "8"]
[White "Movsesian, Sergei"]
[Black "Navara, David"]
[Result "1-0"]
[WhiteElo "2716"]
[BlackElo "2687"]
[PlyCount "77"]
[EventDate "2009.07.22"]
[EventType "swiss (rapid)"]
[EventRounds "9"]
[EventCountry "CZE"]
[SourceTitle "CBM 131 Extra"]
[Source "ChessBase"]
[SourceDate "2009.09.03"]
[SourceVersion "2"]
[SourceVersionDate "2009.09.16"]
[SourceQuality "1"]

1. e4 c5 2. Nf3 d6 3. d4 cxd4 4. Nxd4 Nf6 5. Nc3 Nc6 6. h3 e5 7. Nde2 Be6 8. f4
Rc8 9. f5 Bc4 10. Ng3 d5 11. exd5 Bxd5 12. Nxd5 Nxd5 13. c3 Bc5 14. Bc4 Nf4 15.
Qxd8+ Rxd8 16. Ne4 Nxg2+ 17. Ke2 Bb6 18. f6 O-O 19. Bg5 Nf4+ 20. Kf3 g6 21. Bh6
Rfe8 22. Rad1 Bc7 23. b4 Rxd1 24. Rxd1 Rd8 25. Re1 Nxh3 26. a4 Nf4 27. b5 Na5
28. Ba2 Rd3+ 29. Re3 Rd1 30. Ng5 Nd5 31. Ke2 Rh1 32. Bxd5 Rxh6 33. Bxf7+ Kf8
34. Bd5 Rh2+ 35. Kd3 Bd6 36. Rf3 Rh1 37. f7 Kg7 38. f8=Q+ Bxf8 39. Rf7+ 1-0

[Event "Netanya Riordan"]
[Site "Netanya"]
[Date "2009.07.12"]
[Round "3"]
[White "Eljanov, Pavel"]
[Black "Beliavsky, Alexander G"]
[Result "1/2-1/2"]
[WhiteElo "2716"]
[BlackElo "2662"]
[PlyCount "67"]
[EventDate "2009.07.12"]
[EventType "tourn (rapid)"]
[EventRounds "13"]
[EventCountry "ISR"]
[EventCategory "17"]
[SourceTitle "CBM 131 Extra"]
[Source "ChessBase"]
[SourceDate "2009.09.03"]
[SourceVersion "2"]
[SourceVersionDate "2009.09.16"]
[SourceQuality "1"]

1. e4 e5 2. Nf3 Nc6 3. Bc4 Nf6 4. d3 Bd6 5. a4 O-O 6. O-O Re8 7. c3 h6 8. a5
Nh7 9. b4 Qf6 10. Na3 Ne7 11. Nb5 a6 12. Nxd6 Qxd6 13. Qb3 Qf6 14. Nxe5 d5 15.
exd5 Qxe5 16. d6 Qxd6 17. Bxf7+ Kf8 18. Bxe8 Kxe8 19. Re1 Nf8 20. b5 Be6 21. c4
Rd8 22. bxa6 bxa6 23. Ba3 Qxd3 24. Qb7 Qxc4 25. Rac1 Qd5 26. Qxc7 Rd7 27. Qf4
Qxa5 28. Rc8+ Rd8 29. Bb4 Qb6 30. Bc5 Qa5 31. Bb4 Qb6 32. Bc5 Qa5 33. Bb4 Qb6
34. Bc5 1/2-1/2

[Event "22nd European Teams"]
[Site "Batumi GEO"]
[Date "2019.10.30"]
[Round "6.1"]
[White "Matlakov, M."]
[Black "Volokitin, And"]
[Result "1/2-1/2"]
[WhiteElo "2716"]
[BlackElo "2627"]
[PlyCount "73"]
[EventDate "2019.10.24"]
[EventType "team"]
[EventRounds "9"]
[EventCountry "GEO"]
[SourceTitle "The Week in Chess 1304"]
[Source "Mark Crowther"]
[SourceDate "2019.11.04"]
[SourceVersion "1"]
[SourceVersionDate "2019.11.04"]
[SourceQuality "2"]
[WhiteTeam "Russia"]
[BlackTeam "Ukraine"]
[WhiteTeamCountry "RUS"]
[BlackTeamCountry "UKR"]

1. d4 Nf6 2. c4 e6 3. Nf3 d5 4. Nc3 c5 5. cxd5 Nxd5 6. e4 Nxc3 7. bxc3 cxd4 8.
cxd4 Bb4+ 9. Bd2 Bxd2+ 10. Qxd2 O-O 11. Bc4 Nd7 12. O-O b6 13. Rfe1 Bb7 14. Re3
Qc7 15. Bb3 Nf6 16. Rae1 Rad8 17. h3 h6 18. Qb2 b5 19. d5 exd5 20. e5 Ne4 21.
Nd4 Qxe5 22. f3 Qf6 23. fxe4 dxe4 24. Rd1 Rd7 25. Ree1 Rfd8 26. Rf1 Qb6 27. Kh2
Qc7+ 28. Kh1 Qe5 29. Rf5 Qg3 30. Rxf7 Rxf7 31. Bxf7+ Kxf7 32. Qxb5 Bc8 33. Rf1+
Kg6 34. Qc6+ Kh7 35. Qxe4+ Qg6 36. Qxg6+ Kxg6 37. Nc6 1/2-1/2

[Event "Dresden ol (Men) 38th"]
[Site "Dresden"]
[Date "2008.11.17"]
[Round "5"]
[White "Vachier Lagrave, Maxime"]
[Black "Solak, Dragan"]
[Result "1/2-1/2"]
[WhiteElo "2716"]
[BlackElo "2595"]
[PlyCount "81"]
[EventDate "2008.11.13"]
[EventType "team-swiss"]
[EventRounds "11"]
[EventCountry "GER"]
[SourceTitle "CBM 128"]
[Source "ChessBase"]
[SourceDate "2009.01.28"]
[SourceVersion "1"]
[SourceVersionDate "2009.01.28"]
[SourceQuality "1"]
[WhiteTeam "France"]
[BlackTeam "Serbia"]
[WhiteTeamCountry "FRA"]
[BlackTeamCountry "YUG"]

1. e4 c6 2. d4 d5 3. e5 Bf5 4. Nf3 e6 5. Be2 Nd7 6. O-O Bg6 7. c4 dxc4 8. Bxc4
Nb6 9. Bd3 Ne7 10. Nc3 Nf5 11. h3 Nxd4 12. Nxd4 Qxd4 13. Bxg6 Qxd1 14. Bxf7+
Kxf7 15. Rxd1 Be7 16. Ne4 Rad8 17. Be3 Rd5 18. Bxb6 axb6 19. f4 Rhd8 20. Re1 h6
21. Re2 g5 22. Rf1 Kg6 23. g3 b5 24. a3 Rd1 25. Rxd1 Rxd1+ 26. Kf2 b4 27. a4
Rd3 28. Re3 Rd1 29. Ke2 Rh1 30. fxg5 hxg5 31. Nd6 Rxh3 32. Kd3 b5 33. a5 Rh1
34. Re2 Ra1 35. Rc2 Rxa5 36. Rxc6 Ra1 37. Nxb5 Rd1+ 38. Ke2 Rd5 39. Rxe6+ Kf7
40. Rb6 Rxe5+ 41. Kf3 1/2-1/2

[Event "CHN-ch blitz"]
[Site "Shenzhen"]
[Date "2016.08.25"]
[Round "2"]
[White "Bu, Xiangzhi"]
[Black "Shi, Kecheng"]
[Result "1-0"]
[WhiteElo "2715"]
[BlackElo "2192"]
[PlyCount "81"]
[EventDate "2016.08.25"]
[EventType "swiss (blitz)"]
[EventRounds "9"]
[EventCountry "CHN"]
[SourceTitle "CBM 174 Extra"]
[Source "ChessBase"]
[SourceDate "2016.10.10"]
[SourceVersion "1"]
[SourceVersionDate "2016.10.10"]
[SourceQuality "1"]

1. Nf3 Nf6 2. c4 c6 3. d4 d5 4. Qc2 g6 5. Bf4 Bg7 6. e3 O-O 7. Nc3 Nbd7 8. h3
dxc4 9. Bxc4 Nb6 10. Bb3 Nbd5 11. Be5 Nxc3 12. bxc3 Bf5 13. Qb2 Be4 14. Bd1 Qb6
15. Qa3 Bd3 16. Nd2 Ne4 17. Bxg7 Kxg7 18. Nxe4 Bxe4 19. O-O Qc7 20. c4 e5 21.
Qc3 Rfe8 22. Bb3 exd4 23. exd4 Qf4 24. Rfe1 Rad8 25. Rad1 Kg8 26. Re3 Qg5 27.
Rg3 Qh5 28. Re1 Bf5 29. Rge3 Rxe3 30. Qxe3 Be6 31. d5 cxd5 32. cxd5 Bd7 33.
Qxa7 Qg5 34. Re3 Rc8 35. Qd4 Rc1+ 36. Kh2 Qd8 37. d6 h5 38. Bxf7+ Kh7 39. Re7
Kh6 40. Qf4+ Kg7 41. Qxc1 1-0

[Event "World Cup"]
[Site "Belfort"]
[Date "1988.06.??"]
[Round "14"]
[White "Karpov, Anatoly"]
[Black "Kasparov, Garry"]
[Result "1-0"]
[WhiteElo "2715"]
[BlackElo "2750"]
[Annotator "ChessBase"]
[PlyCount "75"]
[EventDate "1988.06.??"]
[EventType "tourn"]
[EventRounds "15"]
[EventCountry "FRA"]
[EventCategory "15"]
[SourceTitle "CBM 008"]
[Source "ChessBase"]
[SourceDate "1989.02.01"]
[SourceVersion "1"]
[SourceVersionDate "1989.02.01"]
[SourceQuality "1"]

1. d4 Nf6 2. c4 g6 3. Nc3 d5 4. cxd5 Nxd5 5. e4 Nxc3 6. bxc3 Bg7 7. Bc4 c5 8.
Ne2 Nc6 9. Be3 O-O 10. O-O Bg4 11. f3 Na5 12. Bxf7+ Rxf7 13. fxg4 Rxf1+ 14.
Kxf1 Qd6 15. e5 Qd5 16. Bf2 Rd8 17. Qa4 {'!' ChessBase.} b6 18. Qc2 {'!'
ChessBase.} Rf8 19. Kg1 Qc4 {'!' ChessBase.} 20. Qd2 (20. Qe4 $5 Nc6 (20... Bh6
)) 20... Qe6 (20... Bh6 21. Qxh6 Qxe2 22. Qe3 $14) (20... Qf7 21. Ng3) 21. h3
Nc4 22. Qg5 {'+/=!' ChessBase.} h6 23. Qc1 Qf7 (23... Qd5 24. Qc2 $1 $16) (
23... h5 $5 $14) 24. Bg3 g5 {'?!' ChessBase.} (24... Qd5 $5 25. Nf4 Qe4 26. Ne6
cxd4 $5 (26... Rc8 27. Qb1 $1 {} Qe3+ 28. Bf2 Qxc3 29. Qxg6 Qxa1+ 30. Kh2 $18)
(26... Ne3 27. Qd2 $8 Nc4 (27... cxd4 28. cxd4 Rc8 29. Re1 Rc2 30. Rxe3 Qc6 31.
d5 $18) 28. Qe1 Ne3 29. Qe2 cxd4 30. Nxf8 (30. cxd4 $2 Rc8 $1) 30... Bxf8 (
30... d3 31. Qf2 $18) 31. cxd4 Qxd4 32. Re1 $16) 27. Nxf8 (27. cxd4 Ne3 28. Qb2
(28. Qd2 Nc4 29. Qe1 Ne3 30. Qe2 Rc8 31. Rd1 Rc2 32. Rd2 Rc1+) 28... Rc8) 27...
Ne3 28. Qd2 dxc3 29. Qe2 $16 {} Bxf8 30. Qf3) 25. Qc2 Qd5 26. Bf2 b5 27. Ng3
Rf7 (27... b4 28. Nf5 Rf7 29. e6 Qxe6 30. Re1 Qd7 31. cxb4 $18) 28. Re1 (28.
Rc1 $16) 28... b4 29. Qg6 Kf8 (29... bxc3 30. Nf5 Kf8 31. e6 Rxf5 32. gxf5 Nd6
33. dxc5 $18) 30. Ne4 (30. Nf5 e6 31. Nxh6 Rf4 32. Qxg5 $16) 30... Rxf2 31.
Kxf2 bxc3 32. Qf5+ Kg8 33. Qc8+ Kh7 34. Qxc5 Qf7+ 35. Kg1 c2 36. Ng3 Bf8 37.
Nf5 {'+-' ChessBase.} Kg8 38. Rc1 1-0

[Event "CZE-chT 1112"]
[Site "Czechia"]
[Date "2012.04.22"]
[Round "11.1"]
[White "Movsesian, Sergei"]
[Black "Swiercz, Dariusz"]
[Result "1-0"]
[WhiteElo "2715"]
[BlackElo "2585"]
[PlyCount "61"]
[EventDate "2011.10.08"]
[EventType "team-tourn"]
[EventRounds "11"]
[EventCountry "CZE"]
[SourceTitle "EXT 2013"]
[Source "ChessBase"]
[SourceDate "2012.11.22"]
[SourceVersion "1"]
[SourceVersionDate "2012.11.22"]
[SourceQuality "1"]
[WhiteTeam "Pardubice"]
[BlackTeam "Litovel"]
[WhiteTeamCountry "CZE"]
[BlackTeamCountry "CZE"]

1. g3 Nf6 2. Bg2 d5 3. Nf3 g6 4. c4 c6 5. Qa4 Nbd7 6. cxd5 Nb6 7. Qh4 cxd5 8.
d3 Bg7 9. Bh6 O-O 10. O-O Bxh6 11. Qxh6 Bg4 12. Nc3 Bxf3 13. Bxf3 Rc8 14. h4
Rc5 15. Kg2 Qd7 16. Rh1 d4 17. Ne4 Nxe4 18. Bxe4 Rh5 19. Qd2 Rc8 20. Bf3 Rhc5
21. Qh6 Nd5 22. h5 Nf6 23. hxg6 fxg6 24. Rh4 e5 25. Rah1 Qf7 26. e3 Rc2 27.
exd4 Rf8 28. dxe5 Ng4 29. Qxh7+ Qxh7 30. Bd5+ Rf7 31. Bxf7+ 1-0